000 00523nam a2200169Ia 4500
008 090201s9999 xx 000 0 und d
010 _aKPL-19020
040 _bमराठी
041 _aमराठी
082 _a10347
_b19020
100 _aशान्ता बुध्दिसागर
245 _aकणव
_cशान्ता बुध्दिसागर
260 _c2004
_bशांता बुद्धीसागर
300 _a95
_bमोठा
600 _aकणव
942 _cBOOK
999 _c210804
_d210804